[Event "ITA-ch U14"]
[Site "Tarvisio"]
[Date "2014.06.30"]
[Round "3"]
[White "Moroni, Luca Jr"]
[Black "Corona, Rafaele"]
[Result "1-0"]
[WhiteElo "2338"]
[BlackElo "1735"]
[PlyCount "79"]
[EventDate "2014.06.29"]
[EventType "swiss"]
[EventRounds "9"]
[EventCountry "ITA"]
[SourceTitle "EXT 2015"]
[Source "ChessBase"]
[SourceDate "2014.11.20"]
[SourceVersion "1"]
[SourceVersionDate "2014.11.20"]
[SourceQuality "1"]

1. Nf3 d5 2. c4 e6 3. g3 Nf6 4. Bg2 Bd6 5. 0-0 0-0 6. b3 c6 7. Bb2 Nbd7 8. d4 b6 9. Nbd2 Bb7 10. Ne5 c5 11. cxd5 exd5 12. Nxd7 Nxd7 13. dxc5 Bxc5 14. Nf3 Nf6 15. Nd4 Qd7 16. Rc1 Rfe8 17. a3 Re7 18. b4 Bxd4 19. Bxd4 Ne4 20. a4 Rc8 21. b5 Rxc1 22. Qxc1 Qc7 23. Qb2 f6 24. Rc1 Qd7 25. Qa2 Qe6 26. a5 Nd6 27. Qb3 Nc4 28. a6 Ba8 29. e3 Re8 30. Qb4 Qe7 31. Qxe7 Rxe7 32. Rxc4 dxc4 33. Bxa8 Rc7 34. Bc6 Kf7 35. Kf1 Ke6 36. Ke2 g5 37. h3 h5 38. Kd2 f5 39. Kc3 Rc8 40. Bxb6 1-0

[Event "Cagliari Alfa Lum op 3rd"]
[Site "Cagliari"]
[Date "2012.09.02"]
[Round "5"]
[White "Corona, Rafaele"]
[Black "Mannino, Giacomo"]
[Result "1-0"]
[WhiteElo "1634"]
[BlackElo "1660"]
[PlyCount "121"]
[EventDate "2012.08.31"]
[EventType "swiss"]
[EventRounds "6"]
[EventCountry "ITA"]
[SourceTitle "EXT 2014"]
[Source "ChessBase"]
[SourceDate "2013.11.20"]
[SourceVersion "1"]
[SourceVersionDate "2013.11.20"]
[SourceQuality "1"]

1. e4 e5 2. Nf3 Nc6 3. Bc4 d6 4. c3 f5 5. Qb3 Nh6 6. d3 f4 7. d4 Qf6 8. Qa4 Bd7 9. Bb5 Be7 10. d5 Nb8 11. Bxd7+ Nxd7 12. Qb5 Rb8 13. Nbd2 a6 14. Qa4 Rd8 15. Qc4 Nc5 16. b4 b5 17. Qe2 Nb7 18. a4 0-0 19. axb5 axb5 20. Qxb5 Rb8 21. Qe2 Rbc8 22. 0-0 c5 23. Ba3 cxb4 24. Bxb4 Nc5 25. Bxc5 Rxc5 26. c4 g5 27. h3 g4 28. hxg4 Nxg4 29. Ra7 Kf7 30. Rfa1 Rg8 31. Rd7 Rcc8 32. Raa7 Rce8 33. c5 Qg6 34. Ne1 Kf8 35. cxd6 Bxd6 36. Qxg4 Bc5 37. Qxg6 Rxg6 38. Rac7 Bb6 39. Rb7 Ba5 40. Nef3 Rc8 41. Kf1 Ke8 42. Rxh7 Rc1+ 43. Ke2 Rg8 44. d6 Rc6 45. Rhe7+ Kd8 46. Rb8+ Rc8 47. Rxc8+ Kxc8 48. Nxe5 Bb4 49. Rc7+ Kd8 50. Nc6+ Ke8 51. d7+ Kf7 52. d8Q+ Kg6 53. Qxg8+ Kf6 54. Rf7+ Ke6 55. Qe8+ Kd6 56. Rd7+ Kc5 57. Nxb4 Kxb4 58. Qc8 f3+ 59. Ke3 fxg2 60. Rb7+ Ka5 61. Qa8# 1-0

[Event "Sardegna Region-ch"]
[Site "Capoterra"]
[Date "2012.05.27"]
[Round "5"]
[White "Toniolo, Massimo"]
[Black "Corona, Rafaele"]
[Result "0-1"]
[WhiteElo "1785"]
[BlackElo "1620"]
[PlyCount "100"]
[EventDate "2012.05.19"]
[EventType "swiss"]
[EventRounds "6"]
[EventCountry "ITA"]
[SourceTitle "EXT 2014"]
[Source "ChessBase"]
[SourceDate "2013.11.20"]
[SourceVersion "1"]
[SourceVersionDate "2013.11.20"]
[SourceQuality "1"]

1. e4 d5 2. exd5 Nf6 3. Nf3 Nxd5 4. g3 Bg4 5. Bg2 e6 6. 0-0 Bd6 7. d3 Nc6 8. Qe1 Qd7 9. Nc3 0-0-0 10. Nxd5 exd5 11. Be3 Bh3 12. a4 h5 13. Nd4 Bxg2 14. Nxc6 Qxc6 15. Kxg2 d4+ 16. Kg1 dxe3 17. Qxe3 Bc5 18. Qf4 h4 19. Qe4 Qxe4 20. dxe4 hxg3 21. hxg3 Rd2 22. Rac1 Rh6 23. e5 Re6 24. Rcd1 Rxd1 25. Rxd1 Rxe5 26. Rd2 Re4 27. b3 Bb4 28. Rd3 Re2 29. c3 Bc5 30. Rf3 f6 31. b4 Bd6 32. Kf1 Ra2 33. a5 Ra3 34. Ke2 Be5 35. Kd2 Ra2+ 36. Kd3 Kd7 37. Kc4 c6 38. Rd3+ Bd6 39. f4 Rg2 40. Re3 g5 41. fxg5 fxg5 42. Rf3 Rxg3 43. Rf7+ Be7 44. Kd4 Ke6 45. Rh7 g4 46. c4 Bxb4 47. Rxb7 Bxa5 48. Ke4 Bb6 49. Rh7 Rg1 50. Rh6+ Kd7 0-1